Inventari de l'Arxiu del Monestir de Santa Maria de Vallbona / a cura d'Isabel Navascués, Carme Bello i Gener Gonzalvo
ISBN:
84-393-1906-1
Publicado:
Barcelona :
Departament de Cultura de la Generalitat de Catalunya, Direcció General del Patrimoni Cultural, Servei d'Arxius, Secretariat d'Arxivers Eclesiàstics de Catalunya ,
1992
Descripción Física:
427 p. ; 24 cm
MARC
| LEADER | 00000nam a2200000Ia 4500 | ||
|---|---|---|---|
| 001 | 9687 | ||
| 008 | 160829s1992 xx 000 0 cat d | ||
| 020 | |a 84-393-1906-1 | ||
| 080 | |a A-1-218 | ||
| 245 | |a Inventari de l'Arxiu del Monestir de Santa Maria de Vallbona / a cura d'Isabel Navascués, Carme Bello i Gener Gonzalvo | ||
| 260 | |a Barcelona : |b Departament de Cultura de la Generalitat de Catalunya, Direcció General del Patrimoni Cultural, Servei d'Arxius, Secretariat d'Arxivers Eclesiàstics de Catalunya, |c 1992 | ||
| 300 | |a 427 p. ; |c 24 cm | ||
| 490 | |a Catàlegs-Inventaris d'Arxius Eclesiàstics de Catalunya ; 8 | ||
| 650 | |a Monestir de Santa Maria de Vallbona. Arxiu |x Catàlegs |9 27896 | ||
| 700 | |a Navascués, Isabel, ed. |9 27897 | ||
| 700 | |a Bello Urgellès, Carme |9 28783 | ||
| 700 | 1 | |a Gonzalvo i Bou, Gener |9 27899 | |
| 710 | 1 | |a Catalunya. |b Servei d'Arxius |9 2924 | |
| 901 | |a Arxiu | ||
| 942 | |n 1 | ||
| 952 | |0 0 |1 0 |4 0 |6 A1218 |7 1 |9 44589 |a Arxiu |b Arxiu |d 2016-12-01 |l 0 |o A-1-218 |p 9687 |r 2016-12-01 00:00:00 |w 2016-12-01 |y ARXIU | ||
| 999 | |c 47170 |d 47170 | ||